Buy-to-let (Record no. 76914)
[ view plain ]
| 000 -LEADER | |
|---|---|
| fixed length control field | 00964cab a2200205 4500 |
| 001 - CONTROL NUMBER | |
| control field | ##L133293 |
| 008 - FIXED-LENGTH DATA ELEMENTS--GENERAL INFORMATION | |
| fixed length control field | 060427n2006 000 0 eng u |
| 035 ## - SYSTEM CONTROL NUMBER | |
| System control number | (Sirsi) u133293 |
| 041 0# - LANGUAGE CODE | |
| Language code of text/sound track or separate title | eng |
| 100 1# - MAIN ENTRY--PERSONAL NAME | |
| Personal name | Mercer, Chris |
| 245 00 - TITLE STATEMENT | |
| Title | Buy-to-let |
| Remainder of title | what route to take? |
| 260 ## - PUBLICATION, DISTRIBUTION, ETC. | |
| Date of publication, distribution, etc. | 2006 |
| 490 #0 - SERIES STATEMENT | |
| Series statement | Letting Update Journal |
| Volume/sequential designation | 14(1) April 2006, 18-20(3) |
| 520 ## - SUMMARY, ETC. | |
| Summary, etc. | Analyses the various investment options available to residential landlords when building up their buy-to-let portfolios and touches on the tax pros and cons of each. Focuses in particular on the decision whether to incorporate or not. Covers tax avoidance, personal investment, limited company investment, trusts and self-invested personal pensions. Provides case examples illustrating when to incorporate or not. |
| 590 ## - LOCAL NOTE (RLIN) | |
| Local note | IKA090506 |
| 650 ## - SUBJECT ADDED ENTRY--TOPICAL TERM | |
| Topical term or geographic name entry element | CORPORATION TAX |
| 650 ## - SUBJECT ADDED ENTRY--TOPICAL TERM | |
| Topical term or geographic name entry element | CAPITAL GAINS TAX |
| 690 ## - LOCAL SUBJECT ADDED ENTRY--TOPICAL TERM (OCLC, RLIN) | |
| Topical term or geographic name as entry element | PROPERTY-RESIDENTIAL PROPERTY-RESIDENTIAL PROPERTY TAXATION |
| 942 ## - ADDED ENTRY ELEMENTS (KOHA) | |
| Suppress in OPAC | 0 |
| Withdrawn status | Lost status | Source of classification or shelving scheme | Damaged status | Not for loan | Home library | Current library | Shelving location | Date acquired | Total Checkouts | Full call number | Barcode | Date last seen | Copy number | Price effective from | Koha item type |
|---|---|---|---|---|---|---|---|---|---|---|---|---|---|---|---|
| Dewey Decimal Classification | London | London | Journal article | 27/04/2006 | L133293 | 133293-1001 | 06/08/2019 | 1 | 06/08/2019 | Journal article |